00652nam a2200169 a 4500001001000000003000900010005001700019007000300036008004100039040002500080082001900105100003900124245006600163260004600229300003500275500017200310000030457DO-SdBNP20240226144733.0ta110517s1983 dr ac 000 0 spa d aDO-SdBNPbspacBNPHU axxxbB641d2221 aJorge Blanco, Salvador,d1926-201010aRenegociación de la deuda externa /cSalvador Jorge Blanco. a[Santo Domingo] :bEditora Milvio,c1983. a25 p. :bil., retrs. ;c21 cm. a"Discurso pronunciado por el ciudadano Presidente de la República Dominicana, Doctor Salvador Jorge Blanco, el día 12 de septiembre de 1983 en el Palacio Nacional"